[Event "Titled Tuesday intern op 03rd Jan Late"]
[Site "Chess.com INT"]
[Date "2025.06.03"]
[Round "2"]
[White "Gabrielian, Artur"]
[Black "Zilberstein, Dmitry"]
[Result "0-1"]
[WhiteElo "2419"]
[BlackElo "2358"]
[PlyCount "86"]
[EventDate "2025.06.03"]
[EventType "swiss (blitz)"]
[EventRounds "11"]
[EventCountry "USA"]
[SourceTitle "CB24_2025"]
[SourceDate "2025.06.11"]
[SourceVersion "1"]
[SourceVersionDate "2025.06.11"]
[SourceQuality "1"]

1. Nf3 Nf6 2. g3 g6 3. Bg2 Bg7 4. c4 0-0 5. d4 d6 6. Nc3 c6 7. 0-0 Qb6 8. h3 Qa6 9. b3 b5 10. cxb5 cxb5 11. e4 b4 12. Nd5 Nxd5 13. exd5 Bb7 14. Bg5 f6 15. Bd2 Bxd5 16. Bxb4 Nc6 17. Bc3 Rad8 18. Re1 e5 19. h4 Qb7 20. h5 exd4 21. hxg6 hxg6 22. Bh3 Ne5 23. Nxd4 f5 24. f4 Nf3+ 25. Nxf3 Bxc3 26. Ng5 Bxe1 27. Qxe1 Rfe8 28. Qf2 Qb6 29. Rd1 Qxf2+ 30. Kxf2 Bb7 31. Bf1 Kg7 32. Bb5 Re7 33. Bc4 d5 34. Be2 Rh8 35. Bf3 Rh2+ 36. Kg1 Rxa2 37. Rc1 a5 38. Kf1 Rb2 39. Bg2 Rxb3 40. Nf3 Ba6+ 41. Kg1 Rb2 42. Ne5 Bc4 43. Rd1 a4 0-1

[Event "Titled Tuesday intern op 03rd Jan Late"]
[Site "Chess.com INT"]
[Date "2025.06.03"]
[Round "9"]
[White "Levano Loayza, Adriano Jaffet"]
[Black "Zilberstein, Dmitry"]
[Result "0-1"]
[WhiteElo "2049"]
[BlackElo "2358"]
[PlyCount "26"]
[EventDate "2025.06.03"]
[EventType "swiss (blitz)"]
[EventRounds "11"]
[EventCountry "USA"]
[SourceTitle "CB24_2025"]
[SourceDate "2025.06.11"]
[SourceVersion "1"]
[SourceVersionDate "2025.06.11"]
[SourceQuality "1"]

1. d4 d6 2. c4 e5 3. dxe5 dxe5 4. Qxd8+ Kxd8 5. Nc3 Be6 6. Nf3 f6 7. e3 c6 8. Be2 Kc7 9. 0-0 Nd7 10. b3 g5 11. Bb2 g4 12. Nd2 h5 13. Nd5+ cxd5 0-1

[Event "Titled Tuesday intern op 03rd Jan Late"]
[Site "Chess.com INT"]
[Date "2025.06.03"]
[Round "6"]
[White "Zilberstein, Dmitry"]
[Black "Blackburn, Jonathan LB"]
[Result "1-0"]
[WhiteElo "2358"]
[BlackElo "2200"]
[PlyCount "67"]
[EventDate "2025.06.03"]
[EventType "swiss (blitz)"]
[EventRounds "11"]
[EventCountry "USA"]
[SourceTitle "CB24_2025"]
[SourceDate "2025.06.11"]
[SourceVersion "1"]
[SourceVersionDate "2025.06.11"]
[SourceQuality "1"]

1. e4 e6 2. Qe2 Nc6 3. Nf3 e5 4. g3 Nf6 5. c3 d5 6. exd5 Qxd5 7. Bg2 e4 8. d4 Bg4 9. h3 Bxf3 10. Bxf3 0-0-0 11. Bg2 h5 12. Be3 Na5 13. Nd2 Re8 14. b4 Nc6 15. Nb3 g5 16. b5 Nd8 17. c4 Bb4+ 18. Kd1 Qd7 19. Kc2 g4 20. h4 Qf5 21. Rhd1 c6 22. Kb2 cxb5 23. Rac1 Kb8 24. c5 Ka8 25. a3 Nd5 26. axb4 Nxb4 27. Qxb5 Ndc6 28. d5 a6 29. Qc4 Nd3+ 30. Rxd3 exd3 31. dxc6 Qe5+ 32. Ka3 Re6 33. cxb7+ Kb8 34. Bf4 1-0

[Event "Titled Tuesday intern op 20th May Late"]
[Site "Chess.com INT"]
[Date "2025.05.20"]
[Round "3"]
[White "Cramling Bellon, Anna"]
[Black "Zilberstein, Dmitry"]
[Result "0-1"]
[WhiteElo "2046"]
[BlackElo "2358"]
[PlyCount "76"]
[EventDate "2025.05.20"]
[EventType "swiss (blitz)"]
[EventRounds "11"]
[EventCountry "USA"]
[SourceTitle "CB22_2025"]
[SourceDate "2025.05.28"]
[SourceVersion "1"]
[SourceVersionDate "2025.05.28"]
[SourceQuality "1"]

1. d4 d6 2. c4 e5 3. e3 Nc6 4. Nf3 Nf6 5. Nc3 Be7 6. d5 Nb8 7. Be2 0-0 8. 0-0 c6 9. e4 Na6 10. h3 Nc5 11. Qc2 a5 12. Be3 Nfd7 13. Rfd1 g6 14. dxc6 bxc6 15. a3 a4 16. Bxc5 Nxc5 17. Nxe5 Qc7 18. Ng4 h5 19. Ne3 Rb8 20. Rab1 Qa7 21. Na2 Be6 22. Nb4 Rfc8 23. Kh1 Qb6 24. f4 Nb3 25. f5 Qxe3 26. fxe6 Nd4 27. exf7+ Kxf7 28. Rxd4 Qxd4 29. Rf1+ Kg7 30. Bd3 Qe5 31. Qe2 Bf6 32. Bb1 Qxb2 33. Qf3 Qe5 34. Nd3 Qd4 35. Nf4 Re8 36. c5 Rb3 37. Qf2 Qxf2 38. Rxf2 Rxb1+ 0-1

[Event "Titled Tuesday intern op 20th May Late"]
[Site "Chess.com INT"]
[Date "2025.05.20"]
[Round "6"]
[White "Khalafvand, Dorsa Sadat"]
[Black "Zilberstein, Dmitry"]
[Result "0-1"]
[WhiteElo "1985"]
[BlackElo "2358"]
[PlyCount "48"]
[EventDate "2025.05.20"]
[EventType "swiss (blitz)"]
[EventRounds "11"]
[EventCountry "USA"]
[SourceTitle "CB22_2025"]
[SourceDate "2025.05.28"]
[SourceVersion "1"]
[SourceVersionDate "2025.05.28"]
[SourceQuality "1"]

1. d4 d6 2. c4 e5 3. Nc3 exd4 4. Qxd4 Nc6 5. Qd1 g6 6. Nf3 Bg7 7. Qc2 Nge7 8. e4 0-0 9. Be3 f5 10. Be2 fxe4 11. Nxe4 Bf5 12. a3 d5 13. cxd5 Nxd5 14. Bc4 Kh8 15. Rd1 Nxe3 16. fxe3 Qe7 17. Bd3 Rae8 18. Nfd2 Qh4+ 19. g3 Qh3 20. Bf1 Qh6 21. Qd3 Ne5 22. Qc2 Qxe3+ 23. Be2 Bxe4 24. Qxe4 Nf3+ 0-1

[Event "USA tt"]
[Site "ICC INT"]
[Date "2011.10.17"]
[Round "8"]
[White "Banawa, Joel Cholo"]
[Black "Zilberstein, Dmitry"]
[Result "1-0"]
[WhiteElo "2368"]
[BlackElo "2403"]
[PlyCount "85"]
[EventDate "2011.08.29"]
[EventType "team-tourn"]
[EventRounds "10"]
[EventCountry "USA"]
[SourceTitle "CBM 144 Extra"]
[Source "ChessBase"]
[SourceDate "2011.10.28"]
[SourceVersion "1"]
[SourceVersionDate "2011.10.28"]
[SourceQuality "1"]
[WhiteTeam "Arizona"]
[BlackTeam "San Francisco"]
[WhiteTeamCountry "USA"]
[BlackTeamCountry "USA"]

1. c4 e6 2. d4 d5 3. Nf3 Nf6 4. Nc3 Be7 5. Bg5 Nbd7 6. e3 c6 7. Rc1 0-0 8. Bd3 dxc4 9. Bxc4 Nd5 10. Bxe7 Qxe7 11. 0-0 Nxc3 12. Rxc3 e5 13. Bb3 exd4 14. exd4 Nf6 15. Re1 Qd6 16. Ne5 Rb8 17. Rg3 Be6 18. Bc2 Rbd8 19. Qc1 Ne8 20. Qg5 f5 21. Nd3 f4 22. Rf3 h6 23. Qe5 Qxe5 24. dxe5 g5 25. Nc5 Nc7 26. Nxb7 Rb8 27. Nc5 Rxb2 28. Nxe6 Nxe6 29. Bb3 Kf7 30. Rd3 Ke7 31. Rd6 Nc5 32. Rxc6 Nxb3 33. axb3 Rxb3 34. Rxh6 Rb5 35. e6 Rfb8 36. Rh7+ Ke8 37. e7 Re5 38. Rd1 Rd5 39. Ra1 Ra5 40. Rf1 Rb6 41. h4 Re6 42. Rb1 Rb6 43. Rd1 1-0

[Event "Berkeley op"]
[Site "Berkeley"]
[Date "2011.01.05"]
[Round "7"]
[White "Hess, Robert L"]
[Black "Zilberstein, Dmitry"]
[Result "1/2-1/2"]
[WhiteElo "2572"]
[BlackElo "2386"]
[PlyCount "81"]
[EventDate "2011.01.02"]
[EventType "swiss"]
[EventRounds "10"]
[EventCountry "USA"]
[SourceTitle "CBM 140 Extra"]
[Source "ChessBase"]
[SourceDate "2011.03.01"]
[SourceVersion "1"]
[SourceVersionDate "2011.03.01"]
[SourceQuality "1"]

1. e4 e5 2. Nf3 Nc6 3. Bb5 a6 4. Bxc6 dxc6 5. 0-0 f6 6. d4 Bg4 7. c3 Bd6 8. h3 Bh5 9. Be3 Ne7 10. Nbd2 0-0 11. Nc4 b5 12. Na5 Kh8 13. g4 Bg6 14. Nd2 exd4 15. cxd4 Bb4 16. Nab3 c5 17. Nxc5 Bxc5 18. dxc5 Qd3 19. Re1 Nc6 20. Bf4 Rad8 21. Rc1 Ne5 22. Rc3 Qd7 23. c6 Nxc6 24. Qe2 Nd4 25. Qd3 c5 26. b3 Ne6 27. Qxd7 Rxd7 28. Be3 Rfd8 29. Rc2 Ng5 30. Bxg5 fxg5 31. Nf3 Rd1 32. Rc1 Rxe1+ 33. Rxe1 h6 34. Ne5 Kh7 35. Nxg6 Kxg6 36. Rc1 Rc8 37. Kf1 Kf6 38. Ke2 Ke5 39. Ke3 c4 40. bxc4 bxc4 41. Rc3 1/2-1/2

[Event "Berkeley op"]
[Site "Berkeley"]
[Date "2011.01.05"]
[Round "8"]
[White "Zilberstein, Dmitry"]
[Black "Panchanathan, Magesh Chandran"]
[Result "1/2-1/2"]
[WhiteElo "2386"]
[BlackElo "2537"]
[PlyCount "99"]
[EventDate "2011.01.02"]
[EventType "swiss"]
[EventRounds "10"]
[EventCountry "USA"]
[SourceTitle "CBM 140 Extra"]
[Source "ChessBase"]
[SourceDate "2011.03.01"]
[SourceVersion "1"]
[SourceVersionDate "2011.03.01"]
[SourceQuality "1"]

1. d4 Nf6 2. c4 e6 3. Nf3 b6 4. Nc3 Bb4 5. e3 Bb7 6. Bd3 Ne4 7. 0-0 Nxc3 8. bxc3 Bxc3 9. Rb1 d6 10. Ba3 Ba5 11. c5 0-0 12. cxd6 cxd6 13. Qc2 h6 14. Bh7+ Kh8 15. Be4 Qd7 16. Ne5 dxe5 17. Bxb7 Qxb7 18. Bxf8 exd4 19. Bb4 Bxb4 20. Rxb4 dxe3 21. fxe3 Na6 22. Qe4 Rb8 23. Qxb7 Rxb7 24. Rc4 f6 25. a4 Rd7 26. a5 Rd6 27. Rb1 Kh7 28. Rc8 bxa5 29. Ra8 Rd7 30. Ra1 Nb4 31. Rc8 Rd3 32. Rxa5 a6 33. Rc4 Nd5 34. Re4 e5 35. Kf2 Nc3 36. Rc4 Rd2+ 37. Kf1 Nd5 38. Ke1 Nxe3 39. Rc3 Rd1+ 40. Ke2 Rd5 41. Rxd5 Nxd5 42. Rc5 Nf4+ 43. Kf3 Kg6 44. Ra5 h5 45. g3 Ne6 46. Rxa6 Kf5 47. Ra7 g6 48. Ra6 Nd8 49. Rb6 Nf7 50. h3 1/2-1/2

[Event "Berkeley op"]
[Site "Berkeley"]
[Date "2011.01.02"]
[Round "2"]
[White "Bykhovsky, Anatoly"]
[Black "Zilberstein, Dmitry"]
[Result "1/2-1/2"]
[WhiteElo "2510"]
[BlackElo "2386"]
[PlyCount "146"]
[EventDate "2011.01.02"]
[EventType "swiss"]
[EventRounds "10"]
[EventCountry "USA"]
[SourceTitle "CBM 140 Extra"]
[Source "ChessBase"]
[SourceDate "2011.03.01"]
[SourceVersion "1"]
[SourceVersionDate "2011.03.01"]
[SourceQuality "1"]

1. d4 d5 2. c4 e6 3. Nf3 Nf6 4. Nc3 Bb4 5. Bg5 h6 6. Bxf6 Qxf6 7. Qa4+ Nc6 8. cxd5 exd5 9. e3 0-0 10. Rc1 a6 11. a3 Bxc3+ 12. Rxc3 Qg6 13. Qc2 Bf5 14. Qb3 Be6 15. Be2 Na5 16. Qc2 Qxc2 17. Rxc2 Nc4 18. Bd3 Rac8 19. Ke2 Nd6 20. Ne5 Bf5 21. Bxf5 Nxf5 22. g4 Nd6 23. h4 f6 24. Ng6 Rfe8 25. Kd3 c6 26. h5 Re6 27. Nh4 Rce8 28. Nf5 Nxf5 29. gxf5 Re4 30. b4 Rg4 31. a4 Rg2 32. Rh3 Rg1 33. b5 axb5 34. axb5 Rc8 35. Rh2 Kh7 36. f3 Rg5 37. Ra2 cxb5 38. Rab2 Ra8 39. f4 Ra3+ 40. Kd2 Rg1 41. Re2 b4 42. Kc2 Rc3+ 43. Kd2 Rc4 44. Re1 Rg2+ 45. Re2 Rg1 46. Rb3 Ra1 47. Kd3 Ra3 48. Rxa3 bxa3 49. Ra2 Ra4 50. Kc3 Rc4+ 51. Kb3 Rc1 52. Rxa3 Rh1 53. Ra5 Rxh5 54. Rxd5 Rh3 55. Rb5 Rxe3+ 56. Kc4 Re4 57. Kc5 Rxf4 58. d5 Rxf5 59. Kb6 Rf4 60. d6 Rd4 61. Kc7 Kg6 62. d7 h5 63. d8Q Rxd8 64. Kxd8 h4 65. Ke7 f5 66. Ke6 Kg5 67. Rxf5+ Kg4 68. Rf7 h3 69. Rxg7+ Kf3 70. Rxb7 h2 71. Rh7 Kg2 72. Kf5 h1Q 73. Rxh1 Kxh1 1/2-1/2

[Event "USA tt"]
[Site "ICC INT"]
[Date "2010.10.25"]
[Round "10"]
[White "Gonzalez, Renier"]
[Black "Zilberstein, Dmitry"]
[Result "1/2-1/2"]
[WhiteElo "2478"]
[BlackElo "2384"]
[PlyCount "99"]
[EventDate "2010.08.23"]
[EventType "team"]
[EventRounds "10"]
[EventCountry "USA"]
[SourceTitle "CBM 138 Extra"]
[Source "ChessBase"]
[SourceDate "2010.10.29"]
[SourceVersion "1"]
[SourceVersionDate "2010.10.29"]
[SourceQuality "1"]

1. e4 e6 2. d3 d5 3. Qe2 Nf6 4. Nf3 c5 5. g3 g6 6. Bg2 Bg7 7. 0-0 0-0 8. e5 Nfd7 9. c4 dxc4 10. dxc4 Nc6 11. Bf4 Nd4 12. Nxd4 cxd4 13. h4 h6 14. Na3 g5 15. hxg5 hxg5 16. Bd2 Nxe5 17. Qh5 g4 18. Rfe1 Nf3+ 19. Bxf3 gxf3 20. Bh6 Qf6 21. Bxg7 Kxg7 22. Qg4+ Qg6 23. Qxf3 Rh8 24. Nb5 Rh5 25. Qf4 Bd7 26. Qxd4+ Qf6 27. Qxf6+ Kxf6 28. Kf1 Bxb5 29. cxb5 Rxb5 30. b3 a5 31. Re4 Rc8 32. Rae1 Rc2 33. R1e2 Rbc5 34. Kg2 Rxe2 35. Rxe2 Rc3 36. Rd2 b5 37. Kh3 a4 38. bxa4 bxa4 39. Rd4 Ra3 40. Rd2 Kf5 41. Kg2 e5 42. f3 f6 43. Kf2 Rc3 44. Re2 Rd3 45. Re3 Rd2+ 46. Re2 Rd1 47. Re4 Rd2+ 48. Re2 Rd1 49. Re4 Rd2+ 50. Re2 1/2-1/2

[Event "USA tt"]
[Site "ICC INT"]
[Date "2010.09.27"]
[Round "6"]
[White "Zilberstein, Dmitry"]
[Black "Esserman, Marc"]
[Result "0-1"]
[WhiteElo "2391"]
[BlackElo "2405"]
[PlyCount "78"]
[EventDate "2010.08.23"]
[EventType "team"]
[EventRounds "10"]
[EventCountry "USA"]
[SourceTitle "CBM 138 Extra"]
[Source "ChessBase"]
[SourceDate "2010.10.29"]
[SourceVersion "1"]
[SourceVersionDate "2010.10.29"]
[SourceQuality "1"]

1. d4 d5 2. c4 e6 3. Nc3 c6 4. e4 dxe4 5. Nxe4 Bb4+ 6. Bd2 Qxd4 7. Bxb4 Qxe4+ 8. Be2 Na6 9. Ba5 f6 10. Qd8+ Kf7 11. 0-0-0 b6 12. Bc3 e5 13. Bd3 Qxg2 14. Ne2 c5 15. Qd6 Bb7 16. Bf5 Qg5+ 17. f4 Qxf5 18. Qd7+ Ne7 19. Qxb7 Nb4 20. Bxb4 Rhb8 21. Qd7 cxb4 22. Qxf5 Nxf5 23. fxe5 fxe5 24. Rd7+ Ke6 25. Rhd1 Nd4 26. R1xd4 exd4 27. Rxg7 Rd8 28. Nf4+ Ke5 29. Nd3+ Kf6 30. Rb7 Rg8 31. Nf4 Kf5 32. Ne2 Rg2 33. Ng3+ Kg6 34. Re7 Rf8 35. Re4 Rff2 36. Rg4+ Kf7 37. Rxd4 Rg1+ 38. Rd1 Rxd1+ 39. Kxd1 Rxb2 0-1

[Event "Canadian op"]
[Site "Edmonton"]
[Date "2009.07.11"]
[Round "1.19"]
[White "Zilberstein, Dmitry"]
[Black "De Jong, Walter"]
[Result "1-0"]
[WhiteElo "2437"]
[BlackElo "1812"]
[PlyCount "81"]
[EventDate "2009.07.11"]
[EventType "swiss"]
[EventRounds "9"]
[EventCountry "CAN"]
[SourceTitle "EXT 2022"]
[Source "ChessBase"]
[SourceDate "2021.10.06"]
[SourceVersion "1"]
[SourceVersionDate "2021.10.06"]
[SourceQuality "1"]

1. d4 e6 2. c4 f5 3. g3 Nf6 4. Bg2 c6 5. Nh3 d5 6. b3 Bd6 7. Bf4 Qa5+ 8. Nd2 Bxf4 9. Nxf4 Ne4 10. f3 Nxd2 11. Qxd2 Qxd2+ 12. Kxd2 g5 13. Nd3 Nd7 14. e4 Nb6 15. Rac1 a5 16. exf5 exf5 17. h4 a4 18. c5 axb3 19. axb3 Ra2+ 20. Rc2 Rxc2+ 21. Kxc2 Na8 22. hxg5 Nc7 23. Nf4 Ne6 24. Nxe6 Bxe6 25. Rh6 Bf7 26. Bf1 0-0 27. Bd3 Bg6 28. Kd2 Kg7 29. f4 Ra8 30. Rh1 Ra2+ 31. Bc2 Kg8 32. Kc3 Kg7 33. Re1 Kf7 34. Re5 Ra1 35. Bxf5 Rg1 36. Be6+ Kf8 37. Re3 Rc1+ 38. Kb4 Ra1 39. Kc3 Rc1+ 40. Kd2 Rc2+ 41. Kd1 1-0

[Event "USA-ch Qualifier"]
[Site "Tulsa"]
[Date "2008.03.28"]
[Round "1"]
[White "Zilberstein, Dmitry"]
[Black "Dejmek, Mark W"]
[Result "1/2-1/2"]
[WhiteElo "2411"]
[BlackElo "2134"]
[PlyCount "47"]
[EventDate "2008.03.28"]
[EventType "swiss"]
[EventRounds "7"]
[EventCountry "USA"]
[SourceTitle "CBM 123 Extra"]
[Source "ChessBase"]
[SourceDate "2008.05.06"]
[SourceVersion "1"]
[SourceVersionDate "2008.05.06"]
[SourceQuality "1"]

1. d4 Nf6 2. c4 c5 3. d5 e6 4. Nc3 exd5 5. cxd5 d6 6. Nf3 g6 7. Nd2 Bg7 8. e4 0-0 9. Be2 Re8 10. 0-0 Na6 11. f3 Nc7 12. Kh1 Rb8 13. a4 b6 14. Nc4 Ba6 15. Re1 Bxc4 16. Bxc4 Nd7 17. Be3 a6 18. Bf1 b5 19. Qd2 Ne5 20. Rab1 bxa4 21. Nxa4 Rb4 22. Qd1 Qh4 23. Re2 c4 24. Nc3 1/2-1/2

[Event "Imre Konig Memorial 2nd"]
[Site "San Fransisco"]
[Date "2007.07.16"]
[Round "?"]
[White "Baburin, Alexander"]
[Black "Zilberstein, Dmitry"]
[Result "0-1"]
[WhiteElo "2559"]
[BlackElo "2410"]
[PlyCount "72"]
[EventDate "2007.07.09"]
[EventType "schev"]
[EventRounds "10"]
[EventCountry "USA"]
[SourceTitle "CBM 119 Extra"]
[Source "ChessBase"]
[SourceDate "2007.09.04"]
[SourceVersion "1"]
[SourceVersionDate "2007.09.04"]
[SourceQuality "1"]

1. d4 d5 2. c4 e6 3. Nc3 c6 4. Nf3 dxc4 5. a4 Bb4 6. e3 b5 7. Bd2 a5 8. axb5 Bxc3 9. Bxc3 cxb5 10. b3 Bb7 11. bxc4 b4 12. Bb2 Nf6 13. Bd3 Nbd7 14. 0-0 0-0 15. Qc2 Qc7 16. e4 e5 17. c5 exd4 18. Bxd4 h6 19. Rac1 Bc6 20. e5 Nh5 21. Bh7+ Kh8 22. Qf5 Bxf3 23. Qxf3 Kxh7 24. Qxh5 Ra6 25. Rfe1 Re6 26. f4 f5 27. exf6 Qxf4 28. Qd5 Rxe1+ 29. Rxe1 Nxf6 30. Qe5 Qxe5 31. Bxe5 Rc8 32. Rc1 Rc6 33. Bxf6 gxf6 34. Kf2 b3 35. Ke3 a4 36. Kd4 b2 0-1

[Event "Imre Konig Memorial 2nd"]
[Site "San Fransisco"]
[Date "2007.07.15"]
[Round "?"]
[White "Zilberstein, Dmitry"]
[Black "Baburin, Alexander"]
[Result "1/2-1/2"]
[WhiteElo "2410"]
[BlackElo "2559"]
[PlyCount "45"]
[EventDate "2007.07.09"]
[EventType "schev"]
[EventRounds "10"]
[EventCountry "USA"]
[SourceTitle "CBM 119 Extra"]
[Source "ChessBase"]
[SourceDate "2007.09.04"]
[SourceVersion "1"]
[SourceVersionDate "2007.09.04"]
[SourceQuality "1"]

1. e4 Nf6 2. e5 Nd5 3. d4 d6 4. c4 Nb6 5. f4 dxe5 6. fxe5 Nc6 7. Be3 Bf5 8. Nc3 e6 9. Nf3 Be7 10. Be2 0-0 11. 0-0 f6 12. exf6 Bxf6 13. Qd2 Qe7 14. Rad1 Rad8 15. Qc1 h6 16. Kh1 Kh8 17. h3 Bg6 18. b3 a6 19. Bg1 Rd7 20. Rfe1 Qf7 21. Rf1 Qe7 22. Rfe1 Qf7 23. Rf1 1/2-1/2

[Event "Reno Far West op"]
[Site "Reno"]
[Date "2007.04.08"]
[Round "6"]
[White "Sevillano, Enrico"]
[Black "Zilberstein, Dmitry"]
[Result "1/2-1/2"]
[WhiteElo "2562"]
[BlackElo "2451"]
[PlyCount "30"]
[EventDate "2007.04.06"]
[EventType "swiss"]
[EventRounds "6"]
[EventCountry "USA"]
[SourceTitle "EXT 2009"]
[Source "ChessBase"]
[SourceDate "2008.11.26"]
[SourceVersion "1"]
[SourceVersionDate "2008.11.26"]
[SourceQuality "1"]

1. e4 e5 2. Nf3 Nc6 3. Bb5 a6 4. Ba4 Nf6 5. 0-0 b5 6. Bb3 Bc5 7. d3 d6 8. c3 h6 9. d4 Bb6 10. Be3 Bg4 11. dxe5 dxe5 12. Bxb6 cxb6 13. Qe2 0-0 14. h3 Bxf3 15. Qxf3 Na5 1/2-1/2

[Event "USA tt"]
[Site "ICC INT"]
[Date "2006.09.20"]
[Round "4"]
[White "Vavrak, Peter"]
[Black "Zilberstein, Dmitry"]
[Result "1-0"]
[WhiteElo "2407"]
[BlackElo "2398"]
[PlyCount "101"]
[EventDate "2006.08.30"]
[EventType "team-tourn"]
[EventRounds "10"]
[EventCountry "USA"]
[SourceTitle "CBM 114 Extra"]
[Source "ChessBase"]
[SourceDate "2006.11.03"]
[SourceVersion "1"]
[SourceVersionDate "2006.11.03"]
[SourceQuality "1"]
[WhiteTeam "Dallas Destiny"]
[BlackTeam "San Francisco"]
[WhiteTeamCountry "USA"]
[BlackTeamCountry "USA"]

1. d4 Nf6 2. Nf3 e6 3. c4 d5 4. Bg5 h6 5. Bxf6 Qxf6 6. e3 Bb4+ 7. Nc3 0-0 8. Qb3 c5 9. cxd5 exd5 10. a3 Bxc3+ 11. Qxc3 b6 12. dxc5 Qxc3+ 13. bxc3 bxc5 14. 0-0-0 Be6 15. Bb5 Rc8 16. Ne5 c4 17. Rd2 Rc5 18. Rb2 a6 19. Ba4 Ra5 20. Rb4 f6 21. Bc6 Nxc6 22. Nxc6 Rxa3 23. Kb2 Rb3+ 24. Rxb3 cxb3 25. Ra1 Kf7 26. Ra5 Bd7 27. Nb4 Bb5 28. Kxb3 Bc4+ 29. Kc2 Ke6 30. Kd2 Kd6 31. g4 Ra7 32. f3 Rd7 33. h4 g5 34. h5 Rb7 35. e4 d4 36. cxd4 Rxb4 37. Kc3 Rb3+ 38. Kxc4 Rxf3 39. Rxa6+ Kc7 40. Kd5 Rf4 41. e5 fxe5 42. dxe5 Rxg4 43. Rxh6 Ra4 44. Rh7+ Kd8 45. h6 Ra6 46. Rh8+ Ke7 47. h7 Ra5+ 48. Ke4 Ra4+ 49. Kf5 Rf4+ 50. Kxg5 Rf7 51. Rb8 1-0

[Event "USA tt"]
[Site "ICC INT"]
[Date "2006.09.13"]
[Round "3"]
[White "Shahade, Michael"]
[Black "Zilberstein, Dmitry"]
[Result "1/2-1/2"]
[WhiteElo "2266"]
[BlackElo "2398"]
[PlyCount "50"]
[EventDate "2006.08.30"]
[EventType "team-tourn"]
[EventRounds "10"]
[EventCountry "USA"]
[SourceTitle "CBM 114 Extra"]
[Source "ChessBase"]
[SourceDate "2006.11.03"]
[SourceVersion "1"]
[SourceVersionDate "2006.11.03"]
[SourceQuality "1"]
[WhiteTeam "Philadelphia Masterminds"]
[BlackTeam "San Francisco"]
[WhiteTeamCountry "USA"]
[BlackTeamCountry "USA"]

1. c4 e6 2. Nf3 d5 3. g3 dxc4 4. Bg2 Nd7 5. Qa4 a6 6. Qxc4 b5 7. Qc2 Bb7 8. 0-0 Ngf6 9. d3 c5 10. Bg5 Be7 11. a4 0-0 12. Nc3 Qb6 13. axb5 axb5 14. Nd2 Bxg2 15. Kxg2 Qc6+ 16. Kg1 Nd5 17. Bxe7 Nxe7 18. Qb3 Rab8 19. Ra5 c4 20. dxc4 bxc4 21. Qxc4 Rxb2 22. Qxc6 Nxc6 23. Ra2 Rxa2 24. Nxa2 Ra8 25. Nc3 h6 1/2-1/2

[Event "Edmonton 1st"]
[Site "Edmonton"]
[Date "2006.04.17"]
[Round "9"]
[White "Gentes, Kevin"]
[Black "Zilberstein, Dmitry"]
[Result "0-1"]
[WhiteElo "2303"]
[BlackElo "2381"]
[PlyCount "90"]
[EventDate "2006.04.13"]
[EventType "tourn"]
[EventRounds "9"]
[EventCountry "CAN"]
[EventCategory "3"]
[SourceTitle "CBM 111 Extra"]
[Source "ChessBase"]
[SourceDate "2006.05.09"]
[SourceVersion "1"]
[SourceVersionDate "2006.05.09"]
[SourceQuality "1"]

1. Nf3 Nf6 2. c4 g6 3. b4 Bg7 4. Bb2 0-0 5. g3 c6 6. Qb3 d5 7. d3 a5 8. a3 Be6 9. Nbd2 dxc4 10. dxc4 b5 11. Rd1 Qc8 12. Bg2 bxc4 13. Nxc4 Qa6 14. Nfe5 Ne8 15. Rc1 Qb5 16. Nd3 Bxb2 17. Qxb2 Bxc4 18. a4 Qxa4 19. Rxc4 Nd6 20. Rc1 axb4 21. 0-0 Qb5 22. Qxb4 Ra4 23. Qc5 Ra5 24. Qc3 Rc8 25. Rb1 Qa6 26. Nc5 Qa7 27. Rfc1 Rb5 28. Ra1 Qb6 29. e4 Nb7 30. Na4 Qc7 31. Qe3 Nd7 32. f4 e5 33. Bh3 Re8 34. f5 Kg7 35. fxg6 hxg6 36. Qd3 Ndc5 37. Nxc5 Nxc5 38. Qe3 Qb6 39. Bf1 Nb3 40. Qxb6 Rxb6 41. Rab1 Reb8 42. Rc3 Nd4 43. Rbc1 Rb2 44. Bc4 Rd2 45. Rd3 Ne2+ 0-1

[Event "Edmonton 1st"]
[Site "Edmonton"]
[Date "2006.04.14"]
[Round "3"]
[White "Zilberstein, Dmitry"]
[Black "Lee, Vicente"]
[Result "1/2-1/2"]
[WhiteElo "2381"]
[BlackElo "2222"]
[PlyCount "55"]
[EventDate "2006.04.13"]
[EventType "tourn"]
[EventRounds "9"]
[EventCountry "CAN"]
[EventCategory "3"]
[SourceTitle "CBM 111 Extra"]
[Source "ChessBase"]
[SourceDate "2006.05.09"]
[SourceVersion "1"]
[SourceVersionDate "2006.05.09"]
[SourceQuality "1"]

1. d4 Nf6 2. c4 e6 3. Nc3 Bb4 4. e3 0-0 5. Bd3 c5 6. Nf3 b6 7. 0-0 Bb7 8. Na4 cxd4 9. a3 Be7 10. exd4 Qc7 11. Nc3 d5 12. cxd5 Nxd5 13. Bd2 Nd7 14. Re1 Rad8 15. Rc1 Qb8 16. Bb1 N7f6 17. Ne5 Nxc3 18. Bxc3 Qa8 19. f3 Nd5 20. Qd3 g6 21. Bd2 Rfe8 22. Kh1 f5 23. Qe2 Bh4 24. Red1 Re7 25. Ba2 Bf6 26. Qf2 g5 27. Qg3 Rg7 28. Qh3 1/2-1/2